| 000 | 00758nam a2200241 4500 | ||
|---|---|---|---|
| 001 | 121950 | ||
| 003 | ES-MaACL | ||
| 005 | 20230906191857.0 | ||
| 007 | t| | ||
| 008 | 070214s1976 sp r ||||1| spa d | ||
| 100 | 1 |
_aPodio, Guillermo de. _992713 |
|
| 245 | 1 | 0 |
_aArs musicorum / _cGuillermo de Podio. |
| 250 | _aEd. facs. | ||
| 260 |
_aMadrid : _bJoyas Bibliográficas, _c1976. |
||
| 300 |
_aLXV f. ; _c29 cm. |
||
| 490 | 1 |
_aViejos libros de música ; _v4 |
|
| 500 | _aReprod. facs. de la edición de: Valencia: Petmos Hagenbach et Leonardus Hutz, 1495. | ||
| 655 | 7 |
_2tgfbne _9226495 _aFacsímiles |
|
| 830 | 0 |
_aViejos libros de música ; _v4 _9182867 |
|
| 852 |
_aES-MaACL _jA-6038 _bR.95100 |
||
| 942 | _2udc | ||
| 999 |
_c121950 _d121950 |
||